| 000 | 00519nam a2200193Ia 4500 | ||
|---|---|---|---|
| 999 |
_c34263 _d34263 |
||
| 003 | OSt | ||
| 005 | 20200825123605.0 | ||
| 008 | 190216s9999||||xx |||||||||||||| ||und|| | ||
| 020 | _a9788130900391 | ||
| 040 | _coclc | ||
| 082 |
_a539 _bKAK/M |
||
| 100 |
_aKakani, S L _94332 |
||
| 245 | 0 |
_aModern Physics / _cS L Kakani ; Shubhra Kakani |
|
| 250 | _a1st Ed. | ||
| 260 |
_bViva Books, _c2009. _aNew Delhi: |
||
| 300 | _a1183p | ||
| 650 | _aPhysics | ||
| 942 |
_cBK _2ddc _h539 _iKAK/M _k539 _mKAK/M |
||